Flags of Central Africa - Statistics

General Stats
  • This quiz has been taken 382 times
  • The average score is 7 of 9
Answer Stats
Picture Answer % Correct
Chad
92%
Angola
90%
Central African Republic
87%
Democratic Republic of the Congo
84%
Cameroon
80%
Equatorial Guinea
75%
Republic of the Congo
75%
Sao Tome and Principe
74%
Gabon
69%
No matching quizzes found
Score Distribution
Percent of People with Each Score
Percentile by Number Answered
Your Score History
You have not taken this quiz